000 00535nam a2200169Ia 4500
003 LDD
008 190117s9999 xx 000 0 und d
020 _c₹80
040 _cLDD
041 _ahi
082 _a8H3.7 या4668ए
100 _aयादव, राजेन्द्र
245 0 _aएक इंच मुस्कान
_b सहयोगी उपन्यास
_cराजेन्द्र यादव
260 _aदिल्ली
_bराजपाल
_c1993
300 _a272प्र.
942 _2ddc
_cH
999 _c167728
_d167728